[Event "Titled Tuesday intern op 06th Feb Early"]
[Site "Chess.com INT"]
[Date "2024.02.06"]
[Round "3"]
[White "Freitas Capiberibe, Andre Antoni"]
[Black "Bashirli, Saadat"]
[Result "1-0"]
[WhiteElo "2068"]
[BlackElo "1608"]
[PlyCount "155"]
[EventDate "2024.02.06"]
[EventType "swiss (blitz)"]
[EventRounds "11"]
[EventCountry "USA"]
[SourceTitle "CB07_2024"]
[SourceDate "2024.02.14"]
[SourceVersion "1"]
[SourceVersionDate "2024.02.14"]
[SourceQuality "1"]

1. e4 c6 2. d4 d5 3. Nd2 dxe4 4. Nxe4 Nf6 5. Nxf6+ exf6 6. c3 Bd6 7. Bd3 0-0 8. Ne2 Re8 9. Qc2 h6 10. Be3 Bg4 11. 0-0-0 Nd7 12. Kb1 Qc7 13. h3 Bxe2 14. Bxe2 Bf4 15. Bxf4 Qxf4 16. Bf3 Re7 17. Rde1 Rae8 18. Qd1 Nb6 19. Rxe7 Rxe7 20. Re1 Qd6 21. Rxe7 Qxe7 22. Qe2 Kf8 23. Qxe7+ Kxe7 24. b3 f5 25. Kc2 Kd6 26. Kd3 Nd7 27. g3 Nf6 28. Ke3 b6 29. c4 g6 30. h4 Nd7 31. Kd3 c5 32. d5 Ke5 33. Bg2 Nf6 34. f4+ Kd6 35. Bf3 Ke7 36. Ke3 Kd6 37. Kd3 a6 38. Ke3 Nd7 39. Kd3 b5 40. Ke3 Nb6 41. Kd3 f6 42. Kc3 Nd7 43. Kd3 Nb6 44. Kc3 Nc8 45. Kd3 Ne7 46. Ke3 Nc8 47. Kd3 bxc4+ 48. bxc4 Kc7 49. Bd1 Nd6 50. Bf3 Kb6 51. Kc3 Ka5 52. Kb3 Nc8 53. Be2 Nd6 54. Bf3 Kb6 55. Kc3 g5 56. Kb3 Kc7 57. Kc3 Kb6 58. Kb3 g4 59. Bg2 Ne8 60. Bf1 Kc7 61. Bd3 Ng7 62. Ka4 Kb6 63. a3 a5 64. d6 Kc6 65. Kxa5 Kxd6 66. Kb6 Ne8 67. a4 Nc7 68. Bxf5 Na8+ 69. Kb7 Nc7 70. a5 h5 71. Bg6 Nd5 72. cxd5 Kxd5 73. a6 Ke6 74. a7 f5 75. a8Q c4 76. Qe8+ Kd6 77. Bxf5 c3 78. Qe5# 1-0

[Event "Titled Tuesday intern op 06th Feb Early"]
[Site "Chess.com INT"]
[Date "2024.02.06"]
[Round "2"]
[White "Hasman, Cengiz"]
[Black "Freitas Capiberibe, Andre Antoni"]
[Result "1-0"]
[WhiteElo "2079"]
[BlackElo "2068"]
[PlyCount "49"]
[EventDate "2024.02.06"]
[EventType "swiss (blitz)"]
[EventRounds "11"]
[EventCountry "USA"]
[SourceTitle "CB07_2024"]
[SourceDate "2024.02.14"]
[SourceVersion "1"]
[SourceVersionDate "2024.02.14"]
[SourceQuality "1"]

1. d4 Nf6 2. c4 e6 3. Bg5 Bb4+ 4. Nd2 0-0 5. Ngf3 b6 6. a3 Be7 7. e4 d5 8. cxd5 exd5 9. e5 Ne4 10. Bf4 c5 11. Bd3 f5 12. exf6 Nxf6 13. 0-0 Nc6 14. Re1 cxd4 15. Rc1 Bb7 16. b4 Rc8 17. Ng5 Ne4 18. Ne6 Qd7 19. Nxf8 Rxf8 20. Bg3 Nxg3 21. hxg3 Bf6 22. Nf3 Qf7 23. Bb5 Ne7 24. Rc7 Ba8 25. Rxa7 1-0

[Event "Titled Tuesday intern op 06th Feb Early"]
[Site "Chess.com INT"]
[Date "2024.02.06"]
[Round "4"]
[White "Valgmae, Toomas"]
[Black "Freitas Capiberibe, Andre Antoni"]
[Result "1-0"]
[WhiteElo "2270"]
[BlackElo "2068"]
[PlyCount "49"]
[EventDate "2024.02.06"]
[EventType "swiss (blitz)"]
[EventRounds "11"]
[EventCountry "USA"]
[SourceTitle "CB07_2024"]
[SourceDate "2024.02.14"]
[SourceVersion "1"]
[SourceVersionDate "2024.02.14"]
[SourceQuality "1"]

1. d4 Nf6 2. c4 e6 3. Nc3 Bb4 4. Qc2 d5 5. Bg5 c5 6. a3 cxd4 7. axb4 dxc3 8. bxc3 dxc4 9. e4 h6 10. Bh4 g5 11. Bg3 b6 12. Bxc4 Nc6 13. Nf3 Bb7 14. 0-0 0-0 15. Rfd1 Qc8 16. Bd6 Re8 17. e5 Nh7 18. Bd3 Nf8 19. h4 g4 20. Nh2 h5 21. Qd2 Ne7 22. Bxe7 Rxe7 23. Qg5+ Ng6 24. Bxg6 fxg6 25. Qxe7 1-0

[Event "Titled Tuesday intern op 06th Feb Early"]
[Site "Chess.com INT"]
[Date "2024.02.06"]
[Round "1"]
[White "Vovk, Orest"]
[Black "Freitas Capiberibe, Andre Antoni"]
[Result "1-0"]
[WhiteElo "2315"]
[BlackElo "2068"]
[PlyCount "97"]
[EventDate "2024.02.06"]
[EventType "swiss (blitz)"]
[EventRounds "11"]
[EventCountry "USA"]
[SourceTitle "CB07_2024"]
[SourceDate "2024.02.14"]
[SourceVersion "1"]
[SourceVersionDate "2024.02.14"]
[SourceQuality "1"]

1. h4 d5 2. h5 e5 3. h6 Nxh6 4. d4 e4 5. Bxh6 gxh6 6. e3 Bg7 7. c4 c6 8. Nc3 Be6 9. Qb3 Qb6 10. Nh3 Qxb3 11. axb3 Nd7 12. Nf4 Nf6 13. cxd5 cxd5 14. Bb5+ Ke7 15. Be2 a6 16. Ra5 Rhd8 17. Nh5 Nxh5 18. Rxh5 f5 19. g3 Rac8 20. Kd2 Kd6 21. b4 Rc6 22. Rc5 Rxc5 23. bxc5+ Ke7 24. b4 Rb8 25. Bd1 Kf6 26. g4 Rd8 27. gxf5 Bxf5 28. Bb3 Kg6 29. Rxf5 Kxf5 30. Bxd5 Rd7 31. Bxe4+ Kg4 32. f3+ Kg3 33. Ne2+ Kf2 34. Kd3 h5 35. Nf4 h4 36. Ne6 h3 37. f4 h2 38. d5 Re7 39. f5 Be5 40. d6 Rf7 41. Ng5 Rg7 42. Ne6 Rg4 43. Bxb7 Rg2 44. Bxg2 Kxg2 45. d7 Bf6 46. d8Q Kg3 47. Qd6+ Be5 48. Qd5 h1Q 49. Qxh1 1-0

[Event "American Continental 15th"]
[Site "Sao Paulo"]
[Date "2019.07.12"]
[Round "10"]
[White "Freitas Capiberibe, Andre Antoni"]
[Black "Sanchez Alvarez, Roberto Carlos"]
[Result "0-1"]
[WhiteElo "2024"]
[BlackElo "2434"]
[PlyCount "80"]
[EventDate "2019.07.05"]
[EventType "swiss"]
[EventRounds "11"]
[EventCountry "BRA"]
[SourceTitle "CBM 191 Extra"]
[Source "ChessBase"]
[SourceDate "2019.09.30"]
[SourceVersion "1"]
[SourceVersionDate "2019.09.30"]
[SourceQuality "1"]

1. e4 c5 2. Nf3 d6 3. d4 cxd4 4. Nxd4 Nf6 5. f3 e5 6. Bb5+ Nbd7 7. Nb3 Be7 8. Be3 0-0 9. Bd3 Nb6 10. c4 Be6 11. Qe2 Rc8 12. Na3 a6 13. 0-0 Nbd7 14. Rac1 Nh5 15. g3 Nhf6 16. Nb1 b5 17. cxb5 axb5 18. Rxc8 Qxc8 19. Bxb5 d5 20. Bg5 dxe4 21. fxe4 Bc5+ 22. Kh1 Bb6 23. Nc3 Qb7 24. Bc4 Bh3 25. Re1 Ng4 26. Nd1 h6 27. Bd5 Qa7 28. Ne3 Bxe3 29. Bxe3 Nxe3 30. Qxe3 Qxa2 31. g4 Bxg4 32. Rg1 Nf6 33. h3 Nxd5 34. exd5 Bh5 35. Qxe5 Bf3+ 36. Kh2 f6 37. Qe6+ Kh8 38. d6 Qxb2+ 39. Kg3 Bc6 40. d7 Bxd7 0-1

[Event "American Continental 15th"]
[Site "Sao Paulo"]
[Date "2019.07.09"]
[Round "6"]
[White "Freitas Capiberibe, Andre Antoni"]
[Black "Curi, Gabriel"]
[Result "1-0"]
[WhiteElo "2024"]
[BlackElo "2185"]
[PlyCount "69"]
[EventDate "2019.07.05"]
[EventType "swiss"]
[EventRounds "11"]
[EventCountry "BRA"]
[SourceTitle "CBM 191 Extra"]
[Source "ChessBase"]
[SourceDate "2019.09.30"]
[SourceVersion "1"]
[SourceVersionDate "2019.09.30"]
[SourceQuality "1"]

1. e4 e6 2. Qe2 c5 3. g3 Nc6 4. Bg2 Nge7 5. Nf3 d5 6. d3 g6 7. c3 Bg7 8. 0-0 0-0 9. e5 b6 10. h4 Qc7 11. Bf4 Rb8 12. d4 Nf5 13. Qd2 Na5 14. Na3 Ba6 15. Rfc1 Rfc8 16. b4 Nc4 17. Nxc4 Bxc4 18. g4 Ne7 19. Bh6 Qd8 20. Bxg7 Kxg7 21. Bf1 cxb4 22. cxb4 Ng8 23. b5 Rb7 24. Rc2 Bxf1 25. Rxc8 Qxc8 26. Kxf1 Rc7 27. Kg2 h6 28. h5 gxh5 29. g5 hxg5 30. Qxg5+ Kf8 31. Rh1 Qd7 32. Rxh5 Qe7 33. Qg3 f6 34. exf6 Qf7 35. Rh8 1-0

[Event "American Continental 15th"]
[Site "Sao Paulo"]
[Date "2019.07.09"]
[Round "7"]
[White "Tsuboi, Edson Kenji"]
[Black "Freitas Capiberibe, Andre Antoni"]
[Result "1-0"]
[WhiteElo "2233"]
[BlackElo "2024"]
[PlyCount "37"]
[EventDate "2019.07.05"]
[EventType "swiss"]
[EventRounds "11"]
[EventCountry "BRA"]
[SourceTitle "CBM 191 Extra"]
[Source "ChessBase"]
[SourceDate "2019.09.30"]
[SourceVersion "1"]
[SourceVersionDate "2019.09.30"]
[SourceQuality "1"]

1. e4 c5 2. Nf3 Nc6 3. d4 cxd4 4. Nxd4 g6 5. c4 Bg7 6. Be3 Nf6 7. Nc3 Ng4 8. Qxg4 Nxd4 9. Qd1 Ne6 10. Be2 Qa5 11. Rc1 b6 12. Qd5 Qxd5 13. cxd5 Nd4 14. Bc4 a6 15. 0-0 b5 16. Rfd1 e5 17. dxe6 Nxe6 18. Bd5 Bxc3 19. Rxc3 1-0

[Event "American Continental 15th"]
[Site "Sao Paulo"]
[Date "2019.07.08"]
[Round "5"]
[White "Carvalho, Guillermo"]
[Black "Freitas Capiberibe, Andre Antoni"]
[Result "1/2-1/2"]
[WhiteElo "2162"]
[BlackElo "2024"]
[PlyCount "55"]
[EventDate "2019.07.05"]
[EventType "swiss"]
[EventRounds "11"]
[EventCountry "BRA"]
[SourceTitle "CBM 191 Extra"]
[Source "ChessBase"]
[SourceDate "2019.09.30"]
[SourceVersion "1"]
[SourceVersionDate "2019.09.30"]
[SourceQuality "1"]

1. d4 g6 2. Nf3 Bg7 3. g3 f5 4. Bg2 Nf6 5. 0-0 0-0 6. b3 d6 7. Bb2 c6 8. c4 Ne4 9. Nbd2 Nxd2 10. Qxd2 Nd7 11. Rad1 Qc7 12. d5 Nf6 13. dxc6 bxc6 14. Qc2 c5 15. Ng5 Rb8 16. Qd3 h6 17. Bd5+ Nxd5 18. Qxd5+ Kh8 19. Bxg7+ Kxg7 20. Ne6+ Bxe6 21. Qxe6 Rf6 22. Qe3 Rbf8 23. f4 a5 24. a4 Qb7 25. Rd3 Qe4 26. Qd2 Re6 27. Rf2 Ra8 28. Qc3+ 1/2-1/2

[Event "American Continental 15th"]
[Site "Sao Paulo"]
[Date "2019.07.07"]
[Round "4"]
[White "Freitas Capiberibe, Andre Antoni"]
[Black "Arruda Filho, Ivo Pereira de"]
[Result "1-0"]
[WhiteElo "2024"]
[BlackElo "1744"]
[PlyCount "96"]
[EventDate "2019.07.05"]
[EventType "swiss"]
[EventRounds "11"]
[EventCountry "BRA"]
[SourceTitle "CBM 191 Extra"]
[Source "ChessBase"]
[SourceDate "2019.09.30"]
[SourceVersion "1"]
[SourceVersionDate "2019.09.30"]
[SourceQuality "1"]

1. e4 c6 2. d4 d5 3. exd5 cxd5 4. Bd3 Nf6 5. Nf3 Nbd7 6. Bf4 e6 7. h3 Qb6 8. Qc1 Bd6 9. Bxd6 Qxd6 10. 0-0 0-0 11. Re1 b6 12. Nbd2 Bb7 13. Ne5 Rac8 14. c3 Rfe8 15. Ndf3 h6 16. Qd1 Ne4 17. Bb5 Re7 18. Nxf7 Rxf7 19. Bxd7 Qxd7 20. Ne5 Qb5 21. Qe2 Qa4 22. Nxf7 Kxf7 23. f3 Ba6 24. Qe3 Nf6 25. Qxe6+ Kg6 26. Qd6 Qd7 27. Qa3 Bd3 28. Re7 Qc6 29. Qxa7 Rg8 30. Qc7 Qxc7 31. Rxc7 Re8 32. Rd1 Bb5 33. Rd2 Re6 34. b3 Rc6 35. Rxc6 Bxc6 36. a4 Kf7 37. Re2 Nh5 38. Kf2 Nf4 39. Re3 g5 40. h4 Kf6 41. Kg3 Nh5+ 42. Kf2 Nf4 43. g3 Nh5 44. Re1 Ng7 45. g4 Ne6 46. Ke3 Bd7 47. Ra1 Nd8 48. Kd3 Nc6 1-0

[Event "Fortaleza Inelsa op"]
[Site "Fortaleza"]
[Date "2015.10.01"]
[Round "5"]
[White "Lemos, Dawton Almino"]
[Black "Freitas Capiberibe, Andre Antoni"]
[Result "0-1"]
[WhiteElo "2213"]
[BlackElo "1991"]
[PlyCount "110"]
[EventDate "2015.09.26"]
[EventType "swiss"]
[EventRounds "7"]
[EventCountry "BRA"]
[SourceTitle "EXT 2017"]
[Source "ChessBase"]
[SourceDate "2016.10.25"]
[SourceVersion "1"]
[SourceVersionDate "2016.10.25"]
[SourceQuality "1"]

1. e4 c5 2. Nf3 Nc6 3. Bb5 Na5 4. Be2 a6 5. a4 d6 6. 0-0 Nf6 7. Nc3 e6 8. d4 cxd4 9. Nxd4 Be7 10. Be3 Bd7 11. Nb3 Bc6 12. Bd3 d5 13. e5 Nxb3 14. cxb3 d4 15. exf6 Bxf6 16. Be4 Bxe4 17. Nxe4 dxe3 18. Qf3 exf2+ 19. Rxf2 0-0 20. Nxf6+ Qxf6 21. Qxf6 gxf6 22. Rxf6 Rac8 23. Rf2 Rfd8 24. Raf1 Rc7 25. Re2 Rd3 26. Rf3 Rc1+ 27. Kf2 Rcd1 28. Re4 R1d2+ 29. Kg3 Rd5 30. Rg4+ Kf8 31. Rf2 R5d3+ 32. Rf3 Rd5 33. Rf2 a5 34. Rxd2 Rxd2 35. Rg5 f5 36. Kf4 Kf7 37. Rh5 Kg6 38. Rg5+ Kf6 39. Rh5 Rf2+ 40. Kg3 Kg6 41. Rh3 Rxb2 42. Kf4 Rxg2 43. Ke5 Re2+ 44. Kd4 f4 45. Rh4 e5+ 46. Kd5 f3 47. Rg4+ Kh5 48. Rg7 f2 49. Rf7 e4 50. Rf5+ Kg6 51. Ke6 e3 52. Rf3 Re1 53. Rg3+ Kh6 54. Rh3+ Kg7 55. Rg3+ Kh8 0-1